| 000 | 01041nam a2200265 i 4500 | ||
|---|---|---|---|
| 001 | bg | ||
| 100 | 1 |
_aCameron, Rondo E. _d(1925-2001). |
|
| 245 | 1 | 0 |
_aHistoria gospodarcza świata : _bod paleolitu do czasów najnowszych / _cRondo Cameron ; z ang. przeł. Hanna Lisicka-Michalska, Mirosław Kluźniak. |
| 246 |
_iTyt. oryg.: _aA concise economic history of the World : _bfrom Paleolithic times to the present |
||
| 250 | _aWyd. 2 uaktual. | ||
| 260 |
_aWarszawa : _b"Książka i Wiedza", _ccop. 1999. |
||
| 300 |
_a487, [1] s. : _bmapy, wykr. ; _c25 cm. |
||
| 500 | _aTyt. oryg. : "A concise economic history of the World : from Paleolithic times to the present" 1997. - Wyd. 1 ogł. pod hasłem : Cameron Rondo. | ||
| 504 | _aBibliogr. s. 439-477. | ||
| 650 | 4 | _aHistoria gospodarcza | |
| 650 | 4 | _aPodręczniki akademickie | |
| 020 | _a8305130908 | ||
| 040 | _cBPK | ||
| 041 | 1 |
_apol _heng |
|
| 080 | _a338.1(091) | ||
| 080 | _a(075.8) | ||
| 920 | _a83-05-13090-8 | ||
| 942 | _cKS | ||
| 008 | s pl f |000 0 pol | ||
| 999 |
_c37008 _d37008 |
||
| 856 |
_uhttp://koha.tu.koszalin.pl/cgi-bin/koha/opac-detail.pl?biblionumber=37008 _yKatalog online BPK |
||